Unidades de paisaje en el alto Quindío / (Registro nro. 1519)

Detalles MARC
000 -CABECERA
Campo de control 01240cam a2200301 a 4500
005 - FECHA Y HORA DE LA ULTIMA TRANSACCION
Campo de control 20160218155739.0
008 - ELEMENTOS DE LONGITUD FIJA—INFORMACION GENERAL
Campo de control 040310s1999 ck a gr 00010 spa d
015 ## - NATIONAL BIBLIOGRAPHY NUMBER
National bibliography number ck-1999-xxxx
020 ## - ISBN
ISBN 9589673201
040 ## - FUENTE DE CATALOGACIÓN
Agencia catalogadora original la
Agencia transcriptora la
Agencia Modificadora CO-BoIAVH
041 0# - IDIOMA
Código de idioma para texto/pista de sonido o título separado Español
043 ## - GEOGRAPHIC AREA CODE
Geographic area code s-ck---
082 04 - NUMERO DE CLASIFICACION DECIMAL DEWEY
Número de clasificación 333.91
Número del ítem F85u
110 2# - ASIENTO PRINCIPAL--NOMBRE CORPORATIVO
Nombre corporativo o de jurisdicción como elemento de entrada Fundación Herencia Verde
Lugar de la reunión (Armenia)
9 (RLIN) 61038
245 10 - MENCION DE TITULO
Título Unidades de paisaje en el alto Quindío /
Mención de responsabilidad Fundación Herencia Verde ; Análisis realizado por Juan Carlos Camargo G., Pedro Lorenzo Burgos Grajales.
260 ## - PUBLICACION, DISTRIBUCION, ETC. (PIE DE IMPRENTA)
Lugar de publicación, distribución, etc. [Armenia] :
Nombre del editor, distribuidor, etc. Fundación Herencia Verde,
Fecha de publicación, distribución, etc. 1999.
300 ## - DESCRIPCION FISICA
Extensión 59 p. :
Otros detalles físicos il. ;
Dimensiones 28 cm.
650 ## - ASIENTO SECUNDARIO DE MATERIA - TERMINO TEMATICO
Término temático o nombre geográfico como elemento de entrada Conservación de los recursos naturales
Subdivisión geográfica Quindío (Colombia)
9 (RLIN) 61039
650 #6 - ASIENTO SECUNDARIO DE MATERIA - TERMINO TEMATICO
Término temático o nombre geográfico como elemento de entrada Cuencas hidrográficas
Subdivisión geográfica Quindío (Colombia)
9 (RLIN) 61040
650 ## - ASIENTO SECUNDARIO DE MATERIA - TERMINO TEMATICO
Término temático o nombre geográfico como elemento de entrada Protección del medio ambiente
Subdivisión geográfica Quindío (Colombia)
9 (RLIN) 61041
650 #6 - ASIENTO SECUNDARIO DE MATERIA - TERMINO TEMATICO
Término temático o nombre geográfico como elemento de entrada Conservación del agua
Subdivisión geográfica Quindío (Colombia)
9 (RLIN) 61042
650 ## - ASIENTO SECUNDARIO DE MATERIA - TERMINO TEMATICO
Término temático o nombre geográfico como elemento de entrada Conservación de bosques
Subdivisión geográfica Quindío (Colombia)
9 (RLIN) 61043
651 #0 - ASIENTO SECUNDARIO DE MATERIA - NOMBRE GEOGRAFICO
Nombre geográfico Río Quindío
Subdivisión geográfica Quindío (Colombia)
Subdivisión general Aspectos ambientales.
9 (RLIN) 61044
700 1# - ASIENTO SECUNDARIO - NOMBRE PERSONAL
Nombre personal Camargo G., Juan Carlos.
9 (RLIN) 24709
700 1# - ASIENTO SECUNDARIO - NOMBRE PERSONAL
Nombre personal Burgos Grajales, Pedro Lorenzo.
9 (RLIN) 61045
942 ## - ELEMENTOS ADICIONALES (KOHA)
Sistema de clasificación Dewey Decimal Classification
Tipo de ítem Libro
949 ## - LOCAL PROCESSING INFORMATION (OCLC)
a c
b c
Existencias
Withdrawn status Lost status Sistema de Clasificación Damaged status No para préstamo Colección Inventariado Ubicación Permanente Ubicación actual Fecha de adquisición Fuente de Valor Valor Total Checkouts Número topográfico Inventario / Código de Barras Date last seen Ejemplar Price effective from Forma de adquisición Tipo de material
    Dewey Decimal Classification     General Inventariado 2017 Bogotá Bogotá 03/11/1999 Fundación Herencia Verde 39000.00   LB-333.91 F85u 002103 04/12/2012 Ej. 1 04/12/2012   Libro
    Dewey Decimal Classification     General Inventariado 2017 Sala Fabio Quevedo Sala Fabio Quevedo 08/07/2014   39000.00   LB-333.91 F85u 034171 08/07/2014 Ej. 2 08/07/2014   Libro